000 00517nam a2200181Ia 4500
008 100920s9999 xx 000 0 und d
082 _b82067
_a--- न 02
100 _aकांबळी दिवाकर.
245 _aपरळ 68.
260 _bआमोद प्रकाशन, मुंबई.
_c2002
300 _a150
_bसाधी
365 _b125
520 _aकादंबरी.
630 _aपरळ 68.
650 _aकादंबरी.
730 _aपरळ 68.
942 _cBOOK
999 _c722815
_d722812